[Event "Manizales Las Americas blitz op"]
[Site "Manizales"]
[Date "2021.10.23"]
[Round "1"]
[White "Cuervo, Victor Manuel"]
[Black "Ardila, Oscar Humberto"]
[Result "1-0"]
[WhiteElo "1966"]
[BlackElo "1715"]
[PlyCount "109"]
[EventDate "2021.10.23"]
[EventType "swiss (blitz)"]
[EventRounds "11"]
[EventCountry "COL"]
[SourceTitle "CBM 205 Extra"]
[Source "ChessBase"]
[SourceDate "2022.01.31"]
[SourceVersion "1"]
[SourceVersionDate "2022.01.31"]
[SourceQuality "1"]

1. e4 e5 2. Nf3 Nc6 3. Bb5 Nf6 4. d3 Bc5 5. c3 d6 6. 0-0 0-0 7. Re1 Bg4 8. Nbd2 Re8 9. Nf1 a6 10. Ba4 b5 11. Bc2 d5 12. Qe2 b4 13. h3 Bh5 14. Ng3 Bg6 15. Nh4 dxe4 16. dxe4 Qd7 17. Bg5 Be7 18. Rad1 Qe6 19. Bb3 Qc8 20. Qf3 Na5 21. Ba4 Rd8 22. Nhf5 Bf8 23. h4 Rxd1 24. Rxd1 Qe6 25. cxb4 Bxb4 26. a3 Bd6 27. b4 Nb7 28. Bb3 Qe8 29. Bxf6 gxf6 30. h5 Bxf5 31. Nxf5 Bf8 32. Qg4+ Kh8 33. h6 Nd6 34. Ng7 Qc8 35. Qf3 Qd8 36. Bxf7 Qe7 37. Bd5 Rd8 38. Nf5 Nxf5 39. Qxf5 c6 40. Bb3 Rxd1+ 41. Bxd1 Bxh6 42. Bb3 Bf8 43. Qg4 Qg7 44. Qc8 h5 45. Qe8 Qh6 46. Qf7 Qg7 47. Qxh5+ Qh6 48. Qe8 Qg7 49. Qxc6 Kh7 50. Be6 Kh6 51. Bf5 a5 52. bxa5 Bxa3 53. a6 Qa7 54. Qe8 Bc5 55. Qg6# 1-0

[Event "Manizales-ch"]
[Site "Manizales"]
[Date "2016.09.11"]
[Round "9"]
[White "Cuervo, Victor Manuel"]
[Black "Munoz Galvez, Jhon Edison"]
[Result "0-1"]
[WhiteElo "1818"]
[BlackElo "2359"]
[PlyCount "102"]
[EventDate "2016.09.05"]
[EventType "swiss"]
[EventRounds "9"]
[EventCountry "COL"]
[SourceTitle "CBM 174 Extra"]
[Source "ChessBase"]
[SourceDate "2016.10.10"]
[SourceVersion "1"]
[SourceVersionDate "2016.10.10"]
[SourceQuality "1"]

1. e4 e5 2. Nf3 Nc6 3. Bb5 Nf6 4. d3 d6 5. c3 a6 6. Ba4 Be7 7. 0-0 0-0 8. Re1 Nb8 9. Nbd2 Nbd7 10. Nf1 Re8 11. Ng3 Bf8 12. h3 g6 13. d4 b5 14. Bc2 c5 15. a4 Rb8 16. axb5 axb5 17. d5 c4 18. Be3 Qc7 19. Qd2 Nc5 20. Bh6 Kh8 21. Nh4 Bxh6 22. Qxh6 Ng8 23. Qd2 Qe7 24. Nf3 f6 25. Nh2 Qg7 26. Rf1 Bd7 27. f4 Qh6 28. Qf2 Qxf4 29. Qxf4 exf4 30. Rxf4 Ra8 31. Rff1 Kg7 32. Nf3 Nh6 33. Kf2 Nf7 34. Rfd1 Ne5 35. Nxe5 dxe5 36. Ke3 Kf7 37. Rf1 Ke7 38. h4 h5 39. Kd2 Bg4 40. Ke3 Nd7 41. b3 Nb6 42. b4 Rxa1 43. Rxa1 Ra8 44. Rxa8 Nxa8 45. Kd2 Nb6 46. Ke1 Nc8 47. Kf2 Nd6 48. Ke3 f5 49. exf5 gxf5 50. Nh1 f4+ 51. Kd2 e4 0-1

[Event "Manizales-ch"]
[Site "Manizales"]
[Date "2016.09.08"]
[Round "4"]
[White "Dabraccio, Guillermo"]
[Black "Cuervo, Victor Manuel"]
[Result "0-1"]
[WhiteElo "1700"]
[BlackElo "1818"]
[PlyCount "36"]
[EventDate "2016.09.05"]
[EventType "swiss"]
[EventRounds "9"]
[EventCountry "COL"]
[SourceTitle "CBM 174 Extra"]
[Source "ChessBase"]
[SourceDate "2016.10.10"]
[SourceVersion "1"]
[SourceVersionDate "2016.10.10"]
[SourceQuality "1"]

1. d4 Nf6 2. Nf3 e6 3. e3 c5 4. Bd3 b6 5. Nbd2 Bb7 6. b3 d6 7. 0-0 Be7 8. Bb2 Nbd7 9. Rc1 0-0 10. c4 a6 11. Re1 Rc8 12. Ng5 Qc7 13. Nge4 h6 14. dxc5 bxc5 15. Nxf6+ Nxf6 16. e4 Rfe8 17. Qe2 e5 18. Nf1 Bf8 0-1

[Event "Manizales Castro Memorial"]
[Site "Manizales"]
[Date "2015.12.20"]
[Round "7"]
[White "Jaramillo Ochoa, Mateo"]
[Black "Cuervo, Victor Manuel"]
[Result "1-0"]
[WhiteElo "2125"]
[BlackElo "1818"]
[PlyCount "89"]
[EventDate "2015.12.17"]
[EventType "swiss"]
[EventRounds "7"]
[EventCountry "COL"]
[SourceTitle "CBM 170 Extra"]
[Source "ChessBase"]
[SourceDate "2016.02.25"]
[SourceVersion "1"]
[SourceVersionDate "2016.02.25"]
[SourceQuality "1"]

1. d4 Nf6 2. c4 c5 3. d5 d6 4. Nc3 e6 5. g3 exd5 6. cxd5 g6 7. Bg2 Bg7 8. Nf3 0-0 9. 0-0 a6 10. a4 b6 11. h3 Qc7 12. Nd2 Nbd7 13. Nc4 Re8 14. Bf4 Bf8 15. e4 Nh5 16. Be3 Rb8 17. Na3 Ng7 18. Re1 f5 19. exf5 Nxf5 20. Bf4 Rxe1+ 21. Qxe1 Nf6 22. Nc4 Bd7 23. Qd1 b5 24. axb5 axb5 25. Na5 b4 26. Ne4 Nxe4 27. Bxe4 Ra8 28. Nc4 Rxa1 29. Qxa1 h6 30. h4 Kf7 31. Qa6 Bc8 32. Qc6 Qxc6 33. dxc6 Ke8 34. Bxf5 Bxf5 35. Bxd6 Bxd6 36. Nxd6+ Kd8 37. Nb7+ Kc7 38. Nxc5 Kxc6 39. Nb3 Kd5 40. f3 h5 41. Nc1 Kd4 42. Kf2 Bb1 43. Ke2 Bf5 44. Kd2 Kc4 45. g4 1-0

[Event "Manizales Castro Memorial"]
[Site "Manizales"]
[Date "2015.12.19"]
[Round "4"]
[White "Cuervo, Victor Manuel"]
[Black "Ramirez, Mariana"]
[Result "1-0"]
[WhiteElo "1818"]
[BlackElo "1422"]
[PlyCount "85"]
[EventDate "2015.12.17"]
[EventType "swiss"]
[EventRounds "7"]
[EventCountry "COL"]
[SourceTitle "CBM 170 Extra"]
[Source "ChessBase"]
[SourceDate "2016.02.25"]
[SourceVersion "1"]
[SourceVersionDate "2016.02.25"]
[SourceQuality "1"]

1. e4 e6 2. d4 d5 3. Nc3 Bb4 4. e5 c5 5. a3 Bxc3+ 6. bxc3 Ne7 7. Nf3 Nbc6 8. Bd3 0-0 9. 0-0 Nf5 10. Re1 Qa5 11. g4 Nfe7 12. Bd2 c4 13. Bf1 Ng6 14. h4 f6 15. h5 Nh8 16. Bg2 Qd8 17. Qe2 Nf7 18. Bf4 g5 19. hxg6 hxg6 20. exf6 Qxf6 21. Qe3 Bd7 22. Re2 Qe7 23. Ng5 Nxg5 24. Bxg5 Qf7 25. Bh6 Rfe8 26. Qg3 Qf6 27. f4 Nxd4 28. Rd2 Nc6 29. Bg5 Qf8 30. Qe3 Kg7 31. Rf2 Kh8 32. Bf1 Kg8 33. Qh3 Qg7 34. Rd1 e5 35. Rxd5 Be6 36. Rd6 e4 37. Qe3 Bxg4 38. Bxc4+ Be6 39. Bxe6+ Rxe6 40. Rxe6 Kf7 41. Qxe4 Rd8 42. Bxd8 Nxd8 43. Re7+ 1-0

[Event "Manizales Castro Memorial"]
[Site "Manizales"]
[Date "2015.12.18"]
[Round "3"]
[White "Nieto Medina, Agustin"]
[Black "Cuervo, Victor Manuel"]
[Result "1/2-1/2"]
[WhiteElo "1678"]
[BlackElo "1818"]
[PlyCount "125"]
[EventDate "2015.12.17"]
[EventType "swiss"]
[EventRounds "7"]
[EventCountry "COL"]
[SourceTitle "CBM 170 Extra"]
[Source "ChessBase"]
[SourceDate "2016.02.25"]
[SourceVersion "1"]
[SourceVersionDate "2016.02.25"]
[SourceQuality "1"]

1. e4 c5 2. Nf3 Nc6 3. d4 cxd4 4. Nxd4 Qb6 5. Nb3 Nf6 6. Bd3 e6 7. Be3 Qc7 8. Nc3 a6 9. 0-0 Be7 10. f4 d6 11. Qe1 0-0 12. h3 b5 13. a3 Bb7 14. Qg3 Rac8 15. f5 Kh8 16. Nd4 Nxd4 17. Bxd4 e5 18. Be3 d5 19. Bg5 dxe4 20. Bxf6 Bxf6 21. Nxe4 Bxe4 22. Bxe4 Rcd8 23. Qe3 h6 24. Kh1 Bg5 25. Qe2 Qc5 26. f6 g6 27. Qg4 Qc8 28. Qxc8 Rxc8 29. a4 b4 30. a5 Rc4 31. Bd3 Rc6 32. Ra4 Rb8 33. Re1 Bf4 34. b3 Rxf6 35. Re4 Bd2 36. Rxe5 Rb7 37. Re8+ Kg7 38. Ra8 Re7 39. Ra1 Ree6 40. Rd1 Bc3 41. Bc4 Re5 42. Bxa6 Rxa5 43. Bb7 Rxa8 44. Bxa8 h5 45. Kg1 h4 46. Bf3 Rf4 47. Kf2 Bd4+ 48. Ke2 Bc3 49. Rd7 Rd4 50. Bd5 Rf4 51. Ke3 g5 52. Rc7 Be5 53. Rc4 f6 54. Be4 Bc3 55. Rc7+ Kf8 56. Bd5 Bb2 57. Be6 Ba1 58. Bg4 Bb2 59. Bh5 Ba1 60. Rf7+ Kg8 61. Rc7 Bb2 62. Rc4 Be5 63. Re4 1/2-1/2

[Event "Manizales op 20th"]
[Site "Manizales"]
[Date "2008.01.10"]
[Round "1"]
[White "Vittorino, Carlo Giovanni"]
[Black "Cuervo, Victor Manuel"]
[Result "1-0"]
[WhiteElo "2339"]
[BlackElo "1647"]
[PlyCount "66"]
[EventDate "2008.01.10"]
[EventType "swiss"]
[EventRounds "7"]
[EventCountry "COL"]
[SourceTitle "EXT 2010"]
[Source "ChessBase"]
[SourceDate "2010.11.25"]
[SourceVersion "1"]
[SourceVersionDate "2010.11.25"]
[SourceQuality "1"]

1. e4 c5 2. Nf3 d6 3. c3 Nf6 4. h3 Nc6 5. Bd3 g6 6. Bc2 Bg7 7. 0-0 0-0 8. d4 cxd4 9. cxd4 a6 10. Nc3 b5 11. Be3 Bb7 12. Qe2 Rc8 13. e5 dxe5 14. dxe5 Nd5 15. Nxd5 Qxd5 16. Bb3 Qe4 17. e6 Ne5 18. exf7+ Kh8 19. Rfd1 Nxf7 20. Rd4 Bxd4 21. Bxd4+ Kg8 22. Qxe4 Bxe4 23. Ne5 Bb7 24. Re1 Rcd8 25. Nxf7 Rxf7 26. Bb6 Rd6 27. Bc5 Bd5 28. Bxd6 Bxb3 29. Bxe7 Bxa2 30. Bb4 Bc4 31. Re8+ Kg7 32. Bc3+ Kh6 33. Ra8 b4 1-0